000
00304nam a22001337a 4500
008
190205b xxu||||| |||| 00| 0 eng d
020
_a
0201085917
041
_a
eng
080
_2
2nd
_a
159.9
100
_a
49
101
_a
PSI
245
_a
The Social Psychology of Organizing
_c
Weick
942
_2
udc
_c
BK
999
_c
53968
_d
53968